| 000 | 00688nam a2200241 a 4500 | ||
|---|---|---|---|
| 005 | 20210223123815.0 | ||
| 008 | 991125n 000 0 u | ||
| 035 | _aUPN01000068162 | ||
| 100 |
_aBolívar Botía, Antonio, 1952- _931294 |
||
| 222 | _aESCUELA ESPAÑOLA : PERIODICO PROFESIONAL DE EDUCACIÓN | ||
| 245 | _a¿Cómo conjugar la LOGSE con la LODE? | ||
| 300 | _a17-18 | ||
| 362 | _a1993 Año 53, no. 3156 (sep.) | ||
| 440 | 0 | _a1277-1278 | |
| 653 | 0 | _aDESCENTRALIZACION EDUCATIVA | |
| 653 | 0 | _aESPAÑA | |
| 653 | 0 | _aLEGISLACION EDUCATIVA | |
| 653 | 0 | _aLODE | |
| 653 | 0 | _aLOGSE | |
| 653 | 0 | _aSISTEMA EDUCATIVO NACIONAL | |
| 904 |
_aAC _b005973 |
||
| 905 | _aArticulo | ||
| 999 |
_c64383 _d64383 |
||